[Event "April 9 Early 2024"]
[Site "Chess.com"]
[Date "2024.04.09"]
[Round "2"]
[White "Volkov, Maksim"]
[Black "Begunov, Konstantin"]
[Result "1-0"]
[Board "99"]
[WhiteFideId "54123070"]
[BlackFideId "4118510"]
[WhiteTitle "FM"]
[BlackTitle "FM"]
[WhiteElo "2776"]
[BlackElo "2521"]
[WhiteTeam "RUS"]
[BlackTeam "RUS"]
[WhiteClock "0:00:04"]
[BlackClock "0:00:00"]
[Variant "Standard"]

1. e4 {[%clk 0:03:00]}  c5 {[%clk 0:02:59]} 2. Nf3 {[%clk 0:03:00]}  d6 {[%clk 0:03:00]} 3. d4 {[%clk 0:03:01]}  cxd4 {[%clk 0:03:01]} 4. Nxd4 {[%clk 0:03:02]}  Nf6 {[%clk 0:03:02]} 5. Nc3 {[%clk 0:03:02]}  a6 {[%clk 0:03:02]} 6. h3 {[%clk 0:02:59]}  e5 {[%clk 0:02:57]} 7. Nde2 {[%clk 0:02:55]}  h5 {[%clk 0:02:51]} 8. g3 {[%clk 0:02:54]}  b5 {[%clk 0:02:49]} 9. Bg2 {[%clk 0:02:52]}  Bb7 {[%clk 0:02:49]} 10. Bg5 {[%clk 0:02:43]}  Nbd7 {[%clk 0:02:47]} 11. O-O {[%clk 0:02:35]}  Be7 {[%clk 0:02:48]} 12. a4 {[%clk 0:01:47]}  b4 {[%clk 0:02:47]} 13. Na2 {[%clk 0:01:42]}  a5 {[%clk 0:02:27]} 14. c3 {[%clk 0:01:40]}  Nxe4 {[%clk 0:02:03]} 15. Bxe7 {[%clk 0:01:39]}  Qxe7 {[%clk 0:02:04]} 16. cxb4 {[%clk 0:01:40]}  h4 {[%clk 0:01:58]} 17. g4 {[%clk 0:01:31]}  O-O {[%clk 0:01:39]} 18. bxa5 {[%clk 0:01:20]}  d5 {[%clk 0:01:14]} 19. b4 {[%clk 0:01:14]}  f5 {[%clk 0:01:02]} 20. Nec3 {[%clk 0:01:00]}  Ndf6 {[%clk 0:00:46]} 21. gxf5 {[%clk 0:00:33]}  Nxc3 {[%clk 0:00:38]} 22. Nxc3 {[%clk 0:00:33]}  Qxb4 {[%clk 0:00:28]} 23. Nxd5 {[%clk 0:00:25]}  Nxd5 {[%clk 0:00:19]} 24. Rb1 {[%clk 0:00:17]}  Qxa5 {[%clk 0:00:16]} 25. Rxb7 {[%clk 0:00:17]}  Nf4 {[%clk 0:00:16]} 26. Qg4 {[%clk 0:00:09]}  Rf7 {[%clk 0:00:14]} 27. Rxf7 {[%clk 0:00:09]}  Kxf7 {[%clk 0:00:15]} 28. Bxa8 {[%clk 0:00:08]}  Qxa8 {[%clk 0:00:14]} 29. Ra1 {[%clk 0:00:08]}  Qe4 {[%clk 0:00:11]} 30. a5 {[%clk 0:00:05]}  Ne2+ {[%clk 0:00:09]} 31. Kh2 {[%clk 0:00:05]}  Nf4 {[%clk 0:00:07]} 32. a6 {[%clk 0:00:05]}  Qd4 {[%clk 0:00:07]} 33. Ra2 {[%clk 0:00:05]}  Qc4 {[%clk 0:00:07]} 34. Ra1 {[%clk 0:00:04]}  Qd4 {[%clk 0:00:07]} 35. Rf1 {[%clk 0:00:03]}  Qc4 {[%clk 0:00:06]} 36. Rg1 {[%clk 0:00:04]}  g6 {[%clk 0:00:01]} 37. fxg6+ {[%clk 0:00:04]}  Kg7 {[%clk 0:00:00]} 38. Qd7+ {[%clk 0:00:04]} 1-0

[Event "April 9 Early 2024"]
[Site "Chess.com"]
[Date "2024.04.09"]
[Round "2"]
[White "Novosel, Lovro"]
[Black "John Veny Akkarakaran"]
[Result "0-1"]
[Board "101"]
[WhiteFideId "14547120"]
[BlackFideId "46665773"]
[WhiteTitle "FM"]
[BlackTitle "FM"]
[WhiteElo "2519"]
[BlackElo "2773"]
[WhiteTeam "CRO"]
[BlackTeam "IND"]
[WhiteClock "0:00:03"]
[BlackClock "0:00:14"]
[Variant "Standard"]

1. c4 {[%clk 0:03:00]}  e6 {[%clk 0:03:00]} 2. Nc3 {[%clk 0:02:56]}  Nf6 {[%clk 0:03:00]} 3. d4 {[%clk 0:02:54]}  Bb4 {[%clk 0:03:00]} 4. e3 {[%clk 0:02:53]}  O-O {[%clk 0:02:59]} 5. Bd3 {[%clk 0:02:53]}  b6 {[%clk 0:02:59]} 6. Ne2 {[%clk 0:02:53]}  d5 {[%clk 0:02:59]} 7. O-O {[%clk 0:02:52]}  Re8 {[%clk 0:02:58]} 8. cxd5 {[%clk 0:02:51]}  exd5 {[%clk 0:02:58]} 9. b3 {[%clk 0:02:32]}  Bb7 {[%clk 0:02:57]} 10. Bb2 {[%clk 0:02:30]}  Nbd7 {[%clk 0:02:27]} 11. Rc1 {[%clk 0:02:29]}  a6 {[%clk 0:02:26]} 12. Rc2 {[%clk 0:02:22]}  Bf8 {[%clk 0:02:23]} 13. Qc1 {[%clk 0:02:19]}  c5 {[%clk 0:02:18]} 14. Ba3 {[%clk 0:02:15]}  Rc8 {[%clk 0:02:14]} 15. Na4 {[%clk 0:01:35]}  c4 {[%clk 0:01:44]} 16. Bxf8 {[%clk 0:01:29]}  cxd3 {[%clk 0:01:39]} 17. Rxc8 {[%clk 0:01:28]}  Qxc8 {[%clk 0:01:26]} 18. Nf4 {[%clk 0:01:03]}  Qxc1 {[%clk 0:01:24]} 19. Rxc1 {[%clk 0:01:03]}  Kxf8 {[%clk 0:01:22]} 20. Nxd3 {[%clk 0:01:03]}  Rc8 {[%clk 0:01:20]} 21. Rxc8+ {[%clk 0:00:59]}  Bxc8 {[%clk 0:01:21]} 22. f3 {[%clk 0:01:00]}  Ke7 {[%clk 0:01:21]} 23. Kf2 {[%clk 0:01:00]}  Kd6 {[%clk 0:01:21]} 24. Nc3 {[%clk 0:01:01]}  Bb7 {[%clk 0:01:20]} 25. g4 {[%clk 0:01:00]}  a5 {[%clk 0:01:14]} 26. h4 {[%clk 0:00:56]}  Ne8 {[%clk 0:01:07]} 27. e4 {[%clk 0:00:50]}  dxe4 {[%clk 0:01:07]} 28. fxe4 {[%clk 0:00:51]}  f6 {[%clk 0:01:07]} 29. Ke3 {[%clk 0:00:49]}  Nc7 {[%clk 0:01:06]} 30. Nf4 {[%clk 0:00:46]}  Bc6 {[%clk 0:00:58]} 31. h5 {[%clk 0:00:26]}  Nb5 {[%clk 0:00:44]} 32. Nce2 {[%clk 0:00:25]}  Nf8 {[%clk 0:00:29]} 33. Ng3 {[%clk 0:00:25]}  g6 {[%clk 0:00:29]} 34. h6 {[%clk 0:00:24]}  Bb7 {[%clk 0:00:29]} 35. a4 {[%clk 0:00:22]}  Nc7 {[%clk 0:00:28]} 36. Nd3 {[%clk 0:00:17]}  Nce6 {[%clk 0:00:27]} 37. Nb2 {[%clk 0:00:14]}  Ba6 {[%clk 0:00:21]} 38. Nd1 {[%clk 0:00:15]}  Ng5 {[%clk 0:00:21]} 39. Nc3 {[%clk 0:00:14]}  Nf7 {[%clk 0:00:20]} 40. Kf4 {[%clk 0:00:12]}  Ne6+ {[%clk 0:00:18]} 41. Ke3 {[%clk 0:00:12]}  Nxh6 {[%clk 0:00:17]} 42. d5 {[%clk 0:00:10]}  Nc5 {[%clk 0:00:15]} 43. Kf4 {[%clk 0:00:07]}  Nd3+ {[%clk 0:00:15]} 44. Ke3 {[%clk 0:00:07]}  Nxg4+ {[%clk 0:00:15]} 45. Kd4 {[%clk 0:00:03]}  Nc5 {[%clk 0:00:14]} 0-1

[Event "April 9 Early 2024"]
[Site "Chess.com"]
[Date "2024.04.09"]
[Round "2"]
[White "Pinero Rodriguez, Carlos Jose"]
[Black "Aaditya Dhingra"]
[Result "1-0"]
[Board "102"]
[WhiteFideId "3901726"]
[BlackFideId "25678191"]
[WhiteTitle "IM"]
[BlackTitle "IM"]
[WhiteElo "2772"]
[BlackElo "2517"]
[WhiteTeam "VEN"]
[BlackTeam "IND"]
[WhiteClock "0:02:07"]
[BlackClock "0:00:45"]
[Variant "Standard"]

1. e4 {[%clk 0:03:00]}  e5 {[%clk 0:02:58]} 2. Nf3 {[%clk 0:02:59]}  Nc6 {[%clk 0:02:58]} 3. Bb5 {[%clk 0:02:59]}  a6 {[%clk 0:02:58]} 4. Ba4 {[%clk 0:02:59]}  Bc5 {[%clk 0:02:58]} 5. c3 {[%clk 0:02:59]}  Nge7 {[%clk 0:02:57]} 6. d4 {[%clk 0:02:55]}  exd4 {[%clk 0:02:57]} 7. cxd4 {[%clk 0:02:55]}  Bb4+ {[%clk 0:02:56]} 8. Nc3 {[%clk 0:02:53]}  d5 {[%clk 0:02:56]} 9. e5 {[%clk 0:02:53]}  O-O {[%clk 0:02:52]} 10. h3 {[%clk 0:02:53]}  f6 {[%clk 0:02:42]} 11. O-O {[%clk 0:02:43]}  fxe5 {[%clk 0:02:40]} 12. Nxe5 {[%clk 0:02:44]}  Nxe5 {[%clk 0:02:38]} 13. dxe5 {[%clk 0:02:44]}  Be6 {[%clk 0:02:26]} 14. Ne2 {[%clk 0:02:41]}  Ng6 {[%clk 0:02:05]} 15. f4 {[%clk 0:02:40]}  d4 {[%clk 0:01:54]} 16. Bb3 {[%clk 0:02:36]}  Qd7 {[%clk 0:01:19]} 17. f5 {[%clk 0:02:35]}  Bxb3 {[%clk 0:01:16]} 18. Qxb3+ {[%clk 0:02:35]}  Kh8 {[%clk 0:01:15]} 19. Qxb4 {[%clk 0:02:27]}  d3 {[%clk 0:01:14]} 20. Ng3 {[%clk 0:02:24]}  Nxe5 {[%clk 0:01:12]} 21. Bf4 {[%clk 0:02:21]}  Nc6 {[%clk 0:01:09]} 22. Qxb7 {[%clk 0:02:19]}  Nd4 {[%clk 0:00:59]} 23. Qxc7 {[%clk 0:02:13]}  Qb5 {[%clk 0:00:45]} 24. Be5 {[%clk 0:02:07]} 1-0

[Event "April 9 Early 2024"]
[Site "Chess.com"]
[Date "2024.04.09"]
[Round "2"]
[White "Pultinevicius, Paulius"]
[Black "Filgueira, Hernan"]
[Result "1/2-1/2"]
[Board "104"]
[WhiteFideId "12809390"]
[BlackFideId "101770"]
[WhiteTitle "GM"]
[BlackTitle "IM"]
[WhiteElo "2770"]
[BlackElo "2509"]
[WhiteTeam "LTU"]
[BlackTeam "ARG"]
[WhiteClock "0:00:03"]
[BlackClock "0:00:06"]
[Variant "Standard"]

1. c4 {[%clk 0:03:00]}  e5 {[%clk 0:02:58]} 2. Nc3 {[%clk 0:02:59]}  Nf6 {[%clk 0:02:59]} 3. g3 {[%clk 0:02:59]}  h6 {[%clk 0:02:58]} 4. Bg2 {[%clk 0:02:58]}  Bb4 {[%clk 0:02:58]} 5. e4 {[%clk 0:02:58]}  a6 {[%clk 0:02:57]} 6. Nge2 {[%clk 0:02:53]}  d6 {[%clk 0:02:56]} 7. O-O {[%clk 0:02:42]}  Nc6 {[%clk 0:02:56]} 8. d4 {[%clk 0:02:40]}  Bg4 {[%clk 0:02:37]} 9. d5 {[%clk 0:02:36]}  Nd4 {[%clk 0:02:22]} 10. f3 {[%clk 0:02:35]}  Bc5 {[%clk 0:02:15]} 11. Nxd4 {[%clk 0:02:29]}  Bxd4+ {[%clk 0:02:14]} 12. Kh1 {[%clk 0:02:29]}  Bd7 {[%clk 0:02:00]} 13. Ne2 {[%clk 0:02:27]}  Ba7 {[%clk 0:01:56]} 14. a4 {[%clk 0:02:19]}  Qe7 {[%clk 0:01:39]} 15. b4 {[%clk 0:02:13]}  a5 {[%clk 0:01:35]} 16. bxa5 {[%clk 0:02:12]}  O-O {[%clk 0:01:29]} 17. Qb3 {[%clk 0:02:11]}  Bc8 {[%clk 0:01:23]} 18. Be3 {[%clk 0:01:44]}  Nd7 {[%clk 0:01:22]} 19. Bxa7 {[%clk 0:01:40]}  Rxa7 {[%clk 0:01:21]} 20. Nc1 {[%clk 0:01:39]}  Nc5 {[%clk 0:01:17]} 21. Qb4 {[%clk 0:01:37]}  f5 {[%clk 0:01:13]} 22. Nb3 {[%clk 0:01:37]}  Nxb3 {[%clk 0:01:09]} 23. Qxb3 {[%clk 0:01:36]}  Rxa5 {[%clk 0:01:09]} 24. Bh3 {[%clk 0:01:30]}  b6 {[%clk 0:01:07]} 25. Rae1 {[%clk 0:01:11]}  Bd7 {[%clk 0:01:04]} 26. Bxf5 {[%clk 0:01:02]}  Bxf5 {[%clk 0:01:02]} 27. exf5 {[%clk 0:01:03]}  Rxf5 {[%clk 0:01:01]} 28. Re4 {[%clk 0:00:55]}  Qf7 {[%clk 0:00:55]} 29. Kg2 {[%clk 0:00:52]}  Ra8 {[%clk 0:00:51]} 30. Qb5 {[%clk 0:00:29]}  Rf8 {[%clk 0:00:48]} 31. Re3 {[%clk 0:00:29]}  Kh8 {[%clk 0:00:41]} 32. a5 {[%clk 0:00:29]}  bxa5 {[%clk 0:00:40]} 33. Qxa5 {[%clk 0:00:30]}  Qd7 {[%clk 0:00:28]} 34. Rb3 {[%clk 0:00:26]}  R5f7 {[%clk 0:00:22]} 35. c5 {[%clk 0:00:11]}  Qf5 {[%clk 0:00:20]} 36. Re3 {[%clk 0:00:03]}  Qc2+ {[%clk 0:00:12]} 37. Rf2 {[%clk 0:00:03]}  Qc4 {[%clk 0:00:12]} 38. cxd6 {[%clk 0:00:03]}  cxd6 {[%clk 0:00:12]} 39. Rc3 {[%clk 0:00:03]}  Qd4 {[%clk 0:00:10]} 40. Rb3 {[%clk 0:00:03]}  e4 {[%clk 0:00:09]} 41. f4 {[%clk 0:00:02]}  e3 {[%clk 0:00:09]} 42. Re2 {[%clk 0:00:03]}  Qe4+ {[%clk 0:00:08]} 43. Kg1 {[%clk 0:00:03]}  Rc8 {[%clk 0:00:06]} 44. Rc3 {[%clk 0:00:02]}  Rxc3 {[%clk 0:00:05]} 45. Qxc3 {[%clk 0:00:03]}  Re7 {[%clk 0:00:05]} 46. Qc8+ {[%clk 0:00:02]}  Kh7 {[%clk 0:00:05]} 47. Qc6 {[%clk 0:00:02]}  Qb1+ {[%clk 0:00:04]} 48. Kg2 {[%clk 0:00:03]}  Qe4+ {[%clk 0:00:05]} 49. Kg1 {[%clk 0:00:03]}  Qb1+ {[%clk 0:00:05]} 50. Kg2 {[%clk 0:00:03]}  Qe4+ {[%clk 0:00:06]} 51. Kg1 {[%clk 0:00:03]} 1/2-1/2

[Event "April 9 Early 2024"]
[Site "Chess.com"]
[Date "2024.04.10"]
[Round "2"]
[White "Tifferet, Shakked"]
[Black "Soto Hernandez, Henry"]
[Result "0-1"]
[Board "105"]
[WhiteFideId "2811529"]
[BlackFideId "3507475"]
[WhiteTitle "FM"]
[BlackTitle "IM"]
[WhiteElo "2482"]
[BlackElo "2763"]
[WhiteTeam "ISR"]
[BlackTeam "CUB"]
[WhiteClock "0:00:02"]
[BlackClock "0:00:38"]
[Variant "Standard"]

1. e4 {[%clk 0:03:00]}  c6 {[%clk 0:02:58]} 2. Nc3 {[%clk 0:02:58]}  d5 {[%clk 0:02:58]} 3. Nf3 {[%clk 0:02:58]}  Bg4 {[%clk 0:02:56]} 4. h3 {[%clk 0:02:58]}  Bxf3 {[%clk 0:02:56]} 5. Qxf3 {[%clk 0:02:59]}  e6 {[%clk 0:02:57]} 6. Be2 {[%clk 0:02:59]}  Nf6 {[%clk 0:02:57]} 7. O-O {[%clk 0:02:58]}  Be7 {[%clk 0:02:53]} 8. d4 {[%clk 0:02:57]}  dxe4 {[%clk 0:02:52]} 9. Qe3 {[%clk 0:02:58]}  Nbd7 {[%clk 0:02:49]} 10. Nxe4 {[%clk 0:02:58]}  Nxe4 {[%clk 0:02:48]} 11. Qxe4 {[%clk 0:02:59]}  Nf6 {[%clk 0:02:48]} 12. Qd3 {[%clk 0:02:59]}  O-O {[%clk 0:02:47]} 13. c4 {[%clk 0:02:55]}  Qb6 {[%clk 0:02:45]} 14. a3 {[%clk 0:02:50]}  Rfd8 {[%clk 0:02:44]} 15. Be3 {[%clk 0:02:50]}  Qa6 {[%clk 0:02:38]} 16. b4 {[%clk 0:02:42]}  Rab8 {[%clk 0:02:34]} 17. Rfd1 {[%clk 0:02:29]}  b5 {[%clk 0:02:33]} 18. cxb5 {[%clk 0:02:23]}  cxb5 {[%clk 0:02:34]} 19. a4 {[%clk 0:02:24]}  Nd5 {[%clk 0:02:24]} 20. axb5 {[%clk 0:02:22]}  Qb7 {[%clk 0:02:23]} 21. Bf3 {[%clk 0:02:15]}  Bxb4 {[%clk 0:02:19]} 22. Ra6 {[%clk 0:02:02]}  Qxb5 {[%clk 0:02:14]} 23. Rxa7 {[%clk 0:01:56]}  Qxd3 {[%clk 0:02:13]} 24. Rxd3 {[%clk 0:01:56]}  Bf8 {[%clk 0:02:08]} 25. Ra1 {[%clk 0:01:19]}  g6 {[%clk 0:02:07]} 26. Bg5 {[%clk 0:01:16]}  Rd7 {[%clk 0:02:05]} 27. Bxd5 {[%clk 0:01:05]}  Rxd5 {[%clk 0:02:06]} 28. Bf6 {[%clk 0:01:05]}  Bg7 {[%clk 0:02:04]} 29. Bxg7 {[%clk 0:01:05]}  Kxg7 {[%clk 0:02:05]} 30. g4 {[%clk 0:01:00]}  Rbd8 {[%clk 0:02:04]} 31. Kg2 {[%clk 0:00:51]}  Rxd4 {[%clk 0:01:59]} 32. Rxd4 {[%clk 0:00:51]}  Rxd4 {[%clk 0:02:00]} 33. f3 {[%clk 0:00:48]}  h5 {[%clk 0:01:55]} 34. Kg3 {[%clk 0:00:46]}  g5 {[%clk 0:01:50]} 35. gxh5 {[%clk 0:00:43]}  Kh6 {[%clk 0:01:50]} 36. Ra7 {[%clk 0:00:42]}  Rf4 {[%clk 0:01:35]} 37. h4 {[%clk 0:00:42]}  Rf5 {[%clk 0:01:31]} 38. hxg5+ {[%clk 0:00:36]}  Kxg5 {[%clk 0:01:32]} 39. Ra8 {[%clk 0:00:31]}  Kxh5 {[%clk 0:01:31]} 40. Kf2 {[%clk 0:00:30]}  Kg6 {[%clk 0:01:30]} 41. Ke3 {[%clk 0:00:30]}  Kf6 {[%clk 0:01:31]} 42. Ra7 {[%clk 0:00:30]}  Re5+ {[%clk 0:01:31]} 43. Kf4 {[%clk 0:00:30]}  Rb5 {[%clk 0:01:32]} 44. Kg4 {[%clk 0:00:30]}  Rb4+ {[%clk 0:01:32]} 45. Kg3 {[%clk 0:00:31]}  Kg6 {[%clk 0:01:32]} 46. Kh3 {[%clk 0:00:30]}  Rb1 {[%clk 0:01:29]} 47. Kg3 {[%clk 0:00:30]}  Rg1+ {[%clk 0:01:29]} 48. Kf4 {[%clk 0:00:30]}  Rc1 {[%clk 0:01:29]} 49. Kg4 {[%clk 0:00:29]}  e5 {[%clk 0:01:28]} 50. Ra6+ {[%clk 0:00:26]}  f6 {[%clk 0:01:28]} 51. Ra4 {[%clk 0:00:24]}  Rg1+ {[%clk 0:01:27]} 52. Kh3 {[%clk 0:00:23]}  Kf5 {[%clk 0:01:27]} 53. Ra6 {[%clk 0:00:21]}  Rg8 {[%clk 0:01:25]} 54. Kh2 {[%clk 0:00:20]}  Rg6 {[%clk 0:01:24]} 55. Ra4 {[%clk 0:00:19]}  Rg7 {[%clk 0:01:22]} 56. Ra6 {[%clk 0:00:19]}  Rd7 {[%clk 0:01:13]} 57. Kg3 {[%clk 0:00:18]}  Rd3 {[%clk 0:01:12]} 58. Ra5 {[%clk 0:00:17]}  Kg5 {[%clk 0:01:11]} 59. Rb5 {[%clk 0:00:17]}  Re3 {[%clk 0:01:11]} 60. Ra5 {[%clk 0:00:18]}  Rb3 {[%clk 0:01:03]} 61. Kf2 {[%clk 0:00:14]}  Rb4 {[%clk 0:00:56]} 62. Rd5 {[%clk 0:00:14]}  Kf4 {[%clk 0:00:55]} 63. Rd3 {[%clk 0:00:11]}  Rb2+ {[%clk 0:00:55]} 64. Ke1 {[%clk 0:00:10]}  Rh2 {[%clk 0:00:54]} 65. Rd6 {[%clk 0:00:10]}  f5 {[%clk 0:00:54]} 66. Rd3 {[%clk 0:00:10]}  Kg3 {[%clk 0:00:52]} 67. Re3 {[%clk 0:00:07]}  f4 {[%clk 0:00:43]} 68. Rxe5 {[%clk 0:00:05]}  Kxf3 {[%clk 0:00:43]} 69. Ra5 {[%clk 0:00:02]}  Rh1+ {[%clk 0:00:43]} 70. Kd2 {[%clk 0:00:02]}  Kf2 {[%clk 0:00:43]} 71. Rf5 {[%clk 0:00:02]}  f3 {[%clk 0:00:43]} 72. Rf8 {[%clk 0:00:03]}  Rh7 {[%clk 0:00:42]} 73. Kd3 {[%clk 0:00:03]}  Re7 {[%clk 0:00:40]} 74. Rf6 {[%clk 0:00:02]}  Kg2 {[%clk 0:00:40]} 75. Rg6+ {[%clk 0:00:03]}  Kf1 {[%clk 0:00:40]} 76. Rf6 {[%clk 0:00:03]}  f2 {[%clk 0:00:41]} 77. Rf8 {[%clk 0:00:04]}  Ke1 {[%clk 0:00:39]} 78. Ra8 {[%clk 0:00:02]}  f1=Q+ {[%clk 0:00:39]} 79. Kc3 {[%clk 0:00:02]}  Qf3+ {[%clk 0:00:38]} 0-1

[Event "April 9 Early 2024"]
[Site "Chess.com"]
[Date "2024.04.09"]
[Round "2"]
[White "Kovalevsky, Stanislav"]
[Black "Postny, Evgeny"]
[Result "0-1"]
[Board "106"]
[WhiteFideId "13508598"]
[BlackFideId "2804344"]
[WhiteTitle "FM"]
[BlackTitle "GM"]
[WhiteElo "2470"]
[BlackElo "2757"]
[WhiteTeam "FID"]
[BlackTeam "ISR"]
[WhiteClock "0:00:08"]
[BlackClock "0:00:15"]
[Variant "Standard"]

1. e4 {[%clk 0:02:59]}  d5 {[%clk 0:03:00]} 2. exd5 {[%clk 0:02:58]}  Nf6 {[%clk 0:03:00]} 3. Nf3 {[%clk 0:02:56]}  Nxd5 {[%clk 0:03:00]} 4. Bc4 {[%clk 0:02:57]}  g6 {[%clk 0:02:58]} 5. O-O {[%clk 0:02:56]}  Bg7 {[%clk 0:02:58]} 6. d4 {[%clk 0:02:56]}  O-O {[%clk 0:02:58]} 7. Nc3 {[%clk 0:02:52]}  c6 {[%clk 0:02:52]} 8. h3 {[%clk 0:02:48]}  Na6 {[%clk 0:02:50]} 9. Nxd5 {[%clk 0:02:39]}  cxd5 {[%clk 0:02:50]} 10. Bb3 {[%clk 0:02:39]}  Nb4 {[%clk 0:02:43]} 11. c3 {[%clk 0:02:38]}  Nc6 {[%clk 0:02:43]} 12. Re1 {[%clk 0:02:37]}  Bf5 {[%clk 0:02:41]} 13. Bf4 {[%clk 0:02:34]}  a6 {[%clk 0:02:37]} 14. Ne5 {[%clk 0:02:31]}  Rc8 {[%clk 0:02:36]} 15. Qe2 {[%clk 0:02:03]}  Na5 {[%clk 0:02:33]} 16. Ba4 {[%clk 0:01:32]}  b5 {[%clk 0:02:32]} 17. Bb3 {[%clk 0:01:26]}  Nc4 {[%clk 0:02:13]} 18. Nxc4 {[%clk 0:01:05]}  bxc4 {[%clk 0:02:07]} 19. Bc2 {[%clk 0:01:02]}  Bxc2 {[%clk 0:02:06]} 20. Qxc2 {[%clk 0:01:03]}  e6 {[%clk 0:02:04]} 21. Qa4 {[%clk 0:00:59]}  Qb6 {[%clk 0:02:02]} 22. Re2 {[%clk 0:00:57]}  Qc6 {[%clk 0:01:48]} 23. Qc2 {[%clk 0:00:39]}  Rfe8 {[%clk 0:01:44]} 24. Rae1 {[%clk 0:00:37]}  Re7 {[%clk 0:01:43]} 25. h4 {[%clk 0:00:37]}  h5 {[%clk 0:01:43]} 26. g4 {[%clk 0:00:34]}  hxg4 {[%clk 0:01:41]} 27. h5 {[%clk 0:00:35]}  gxh5 {[%clk 0:01:41]} 28. Bg5 {[%clk 0:00:33]}  f6 {[%clk 0:01:21]} 29. Bh4 {[%clk 0:00:33]}  Kf7 {[%clk 0:01:19]} 30. Kg2 {[%clk 0:00:17]}  Rh8 {[%clk 0:01:18]} 31. Qd2 {[%clk 0:00:12]}  Bh6 {[%clk 0:01:05]} 32. Qc2 {[%clk 0:00:10]}  Qd6 {[%clk 0:01:03]} 33. Bg3 {[%clk 0:00:07]}  Bf4 {[%clk 0:01:03]} 34. Rh1 {[%clk 0:00:02]}  Rh6 {[%clk 0:00:55]} 35. Rh4 {[%clk 0:00:02]}  Re8 {[%clk 0:00:51]} 36. Re1 {[%clk 0:00:02]}  Reh8 {[%clk 0:00:43]} 37. Reh1 {[%clk 0:00:02]}  Bxg3 {[%clk 0:00:38]} 38. fxg3 {[%clk 0:00:03]}  e5 {[%clk 0:00:38]} 39. Qd2 {[%clk 0:00:03]}  Qe6 {[%clk 0:00:34]} 40. dxe5 {[%clk 0:00:02]}  fxe5 {[%clk 0:00:34]} 41. Rf1+ {[%clk 0:00:02]}  Rf6 {[%clk 0:00:31]} 42. Rhh1 {[%clk 0:00:02]}  Rh6 {[%clk 0:00:30]} 43. Qg5 {[%clk 0:00:02]}  Ke7 {[%clk 0:00:18]} 44. Rxf6 {[%clk 0:00:02]}  Qxf6 {[%clk 0:00:17]} 45. Rxh5 {[%clk 0:00:03]}  Rxh5 {[%clk 0:00:15]} 46. Qxh5 {[%clk 0:00:03]}  Qf3+ {[%clk 0:00:16]} 47. Kh2 {[%clk 0:00:03]}  Qf2+ {[%clk 0:00:13]} 48. Kh1 {[%clk 0:00:04]}  Qf1+ {[%clk 0:00:08]} 49. Kh2 {[%clk 0:00:03]}  Qe2+ {[%clk 0:00:08]} 50. Kh1 {[%clk 0:00:03]}  Qd1+ {[%clk 0:00:08]} 51. Kg2 {[%clk 0:00:04]}  Qc2+ {[%clk 0:00:08]} 52. Kh1 {[%clk 0:00:04]}  Qc1+ {[%clk 0:00:08]} 53. Kg2 {[%clk 0:00:04]}  Qxb2+ {[%clk 0:00:08]} 54. Kh1 {[%clk 0:00:04]}  Qb1+ {[%clk 0:00:09]} 55. Kg2 {[%clk 0:00:05]}  Qxa2+ {[%clk 0:00:09]} 56. Kh1 {[%clk 0:00:06]}  Qb1+ {[%clk 0:00:09]} 57. Kg2 {[%clk 0:00:06]}  Qb2+ {[%clk 0:00:10]} 58. Kh1 {[%clk 0:00:07]}  Qc1+ {[%clk 0:00:11]} 59. Kh2 {[%clk 0:00:07]}  Qc2+ {[%clk 0:00:11]} 60. Kh1 {[%clk 0:00:07]}  Qd1+ {[%clk 0:00:11]} 61. Kh2 {[%clk 0:00:08]}  Qd2+ {[%clk 0:00:12]} 62. Kh1 {[%clk 0:00:08]}  Qe1+ {[%clk 0:00:12]} 63. Kh2 {[%clk 0:00:09]}  Qe2+ {[%clk 0:00:13]} 64. Kh1 {[%clk 0:00:09]}  Qf1+ {[%clk 0:00:13]} 65. Kh2 {[%clk 0:00:10]}  Qh3+ {[%clk 0:00:14]} 66. Qxh3 {[%clk 0:00:09]}  gxh3 {[%clk 0:00:14]} 67. Kxh3 {[%clk 0:00:09]}  a5 {[%clk 0:00:14]} 68. Kg4 {[%clk 0:00:09]}  a4 {[%clk 0:00:15]} 69. Kf5 {[%clk 0:00:09]}  a3 {[%clk 0:00:15]} 70. g4 {[%clk 0:00:08]}  a2 {[%clk 0:00:15]} 0-1

[Event "April 9 Early 2024"]
[Site "Chess.com"]
[Date "2024.04.09"]
[Round "2"]
[White "Shevchuk, Olexandr"]
[Black "Efimenko, Zahar"]
[Result "0-1"]
[Board "109"]
[WhiteFideId "14113775"]
[BlackFideId "14107201"]
[BlackTitle "GM"]
[WhiteElo "2457"]
[BlackElo "2746"]
[WhiteTeam "UKR"]
[BlackTeam "UKR"]
[WhiteClock "0:00:08"]
[BlackClock "0:00:35"]
[Variant "Standard"]

1. d4 {[%clk 0:03:00]}  Nf6 {[%clk 0:02:59]} 2. c4 {[%clk 0:03:00]}  e6 {[%clk 0:02:58]} 3. g3 {[%clk 0:03:01]}  d5 {[%clk 0:02:56]} 4. Nf3 {[%clk 0:03:00]}  Be7 {[%clk 0:02:54]} 5. Bg2 {[%clk 0:03:00]}  O-O {[%clk 0:02:54]} 6. O-O {[%clk 0:02:59]}  c6 {[%clk 0:02:53]} 7. Qc2 {[%clk 0:02:59]}  Nbd7 {[%clk 0:02:50]} 8. Nbd2 {[%clk 0:02:59]}  b6 {[%clk 0:02:48]} 9. e4 {[%clk 0:03:00]}  dxc4 {[%clk 0:02:44]} 10. Nxc4 {[%clk 0:02:52]}  Bb7 {[%clk 0:02:44]} 11. Rd1 {[%clk 0:02:50]}  c5 {[%clk 0:02:42]} 12. d5 {[%clk 0:02:08]}  exd5 {[%clk 0:02:40]} 13. exd5 {[%clk 0:02:07]}  Re8 {[%clk 0:02:08]} 14. h4 {[%clk 0:01:58]}  Bxd5 {[%clk 0:01:58]} 15. Rxd5 {[%clk 0:01:42]}  Nxd5 {[%clk 0:01:57]} 16. Ng5 {[%clk 0:01:42]}  Nf8 {[%clk 0:01:34]} 17. Qf5 {[%clk 0:00:56]}  Nf6 {[%clk 0:01:33]} 18. Bxa8 {[%clk 0:00:54]}  Qxa8 {[%clk 0:01:32]} 19. Bf4 {[%clk 0:00:48]}  h6 {[%clk 0:01:25]} 20. Re1 {[%clk 0:00:18]}  hxg5 {[%clk 0:01:14]} 21. hxg5 {[%clk 0:00:19]}  Qd5 {[%clk 0:01:13]} 22. Ne5 {[%clk 0:00:17]}  N6d7 {[%clk 0:01:01]} 23. g6 {[%clk 0:00:13]}  fxg6 {[%clk 0:00:54]} 24. Qg4 {[%clk 0:00:13]}  Bf6 {[%clk 0:00:36]} 25. Rd1 {[%clk 0:00:08]}  Nxe5 {[%clk 0:00:35]} 0-1